Contributions to the history of Islamic civilization. volume-2 / (Record no. 20372)

MARC details
000 -LEADER
fixed length control field 00962cam a2200289 i 4500
001 - CONTROL NUMBER
control field 4610471
003 - CONTROL NUMBER IDENTIFIER
control field BDDh-ASL
005 - DATE AND TIME OF LATEST TRANSACTION
control field 20231015025859.0
008 - FIXED-LENGTH DATA ELEMENTS--GENERAL INFORMATION
fixed length control field 770301r19751929pk b 000 0 eng
010 ## - LIBRARY OF CONGRESS CONTROL NUMBER
LC control number 76930122
020 ## - INTERNATIONAL STANDARD BOOK NUMBER
Terms of availability Rs120.00 ($12.50 U.S.)
040 ## - CATALOGING SOURCE
Original cataloging agency DLC
Transcribing agency DLC
Modifying agency DLC
-- BDDh-ASL
043 ## - GEOGRAPHIC AREA CODE
Geographic area code aw-----
-- ff-----
050 00 - LIBRARY OF CONGRESS CALL NUMBER
Classification number DS36.855
Item number .K5 1975
082 00 - DEWEY DECIMAL CLASSIFICATION NUMBER
Classification number 297.09
Item number KHC
100 2# - MAIN ENTRY--PERSONAL NAME
Personal name Khuda Bukhsh, S.
Fuller form of name (Salahuddin),
Dates associated with a name 1877-1931.
245 10 - TITLE STATEMENT
Title Contributions to the history of Islamic civilization. volume-2 /
Statement of responsibility, etc. by S. Khuda Bukhsh.
260 ## - PUBLICATION, DISTRIBUTION, ETC.
Place of publication, distribution, etc. Lahore :
Name of publisher, distributor, etc. Accurate Printers,
Date of publication, distribution, etc. [1975 or 1976]
300 ## - PHYSICAL DESCRIPTION
Extent 304 p.:
Dimensions 23 cm.
440 #0 - SERIES STATEMENT/ADDED ENTRY--TITLE
Title Islamic Accurate re-print series ;
Volume/sequential designation code no. 0306
500 ## - GENERAL NOTE
General note Reprint of the 1929-1930 ed.
504 ## - BIBLIOGRAPHY, ETC. NOTE
Bibliography, etc. note Includes bibliographical references.
650 #0 - SUBJECT ADDED ENTRY--TOPICAL TERM
Topical term or geographic name entry element Islamic civilization.
651 #0 - SUBJECT ADDED ENTRY--GEOGRAPHIC NAME
Geographic name Islamic Empire
General subdivision History.
906 ## - LOCAL DATA ELEMENT F, LDF (RLIN)
a 7
b cbc
c orignew
d 4
e ncip
f 19
g y-gencatlg
942 ## - ADDED ENTRY ELEMENTS (KOHA)
Source of classification or shelving scheme Dewey Decimal Classification
Koha item type Books
Holdings
Withdrawn status Lost status Source of classification or shelving scheme Damaged status Not for loan Collection code Home library Current library Shelving location Date acquired Source of acquisition Serial Enumeration / chronology Total Checkouts Full call number Barcode Date last seen Copy number Price effective from Koha item type
    Dewey Decimal Classification     Non-fiction Asiatic Society Library Asiatic Society Library General Stacks 12/30/2020 ASB Collection V-2   297.09 KHC 103808 12/30/2020 C-1 12/30/2020 Books

Powered by Koha